[Event "Angers op 3rd"]
[Site "Angers"]
[Date "2008.04.25"]
[Round "2"]
[White "Salvaing, Jean Louis"]
[Black "Pierson, Emmanuel"]
[Result "1/2-1/2"]
[WhiteElo "2073"]
[BlackElo "1884"]
[PlyCount "72"]
[EventDate "2008.04.25"]
[EventType "swiss"]
[EventRounds "6"]
[EventCountry "FRA"]
[SourceTitle "CBM 123 Extra"]
[Source "ChessBase"]
[SourceDate "2008.05.06"]
[SourceVersion "1"]
[SourceVersionDate "2008.05.06"]
[SourceQuality "1"]

1. d4 d5 2. Nc3 Bf5 3. f3 Nf6 4. Bg5 Nbd7 5. Nxd5 Nxd5 6. e4 f6 7. Bh4 Ne3 8. Qd3 Nxf1 9. exf5 Nxh2 10. Rxh2 c6 11. 0-0-0 Qc7 12. Rh1 0-0-0 13. Ne2 Qa5 14. Kb1 g6 15. fxg6 f5 16. Be1 Qd5 17. Nf4 Qd6 18. Bg3 Qf6 19. Bh4 Qd6 20. Qxf5 Bg7 21. Ne6 hxg6 22. Qxg6 Rdg8 23. Qf7 Bf6 24. Bxf6 Nxf6 25. Rxh8 Rxh8 26. g4 b6 27. g5 Nd5 28. g6 Qb4 29. Rc1 Nc3+ 30. Ka1 Na4 31. Rb1 Rh1 32. Qe8+ Kb7 33. Qd7+ Ka6 34. Nc5+ bxc5 35. Qxc6+ Ka5 36. Qc7+ Ka6 1/2-1/2

[Event "Angers op 2nd"]
[Site "Angers"]
[Date "2007.04.13"]
[Round "2.17"]
[White "Bremond, Edouard"]
[Black "Pierson, Emmanuel"]
[Result "0-1"]
[WhiteElo "1650"]
[BlackElo "1909"]
[PlyCount "32"]
[EventDate "2007.04.13"]
[EventType "swiss"]
[EventRounds "6"]
[EventCountry "FRA"]
[SourceTitle "CBM 117 Extra"]
[Source "ChessBase"]
[SourceDate "2007.05.09"]
[SourceVersion "1"]
[SourceVersionDate "2007.05.09"]
[SourceQuality "1"]

1. e4 c5 2. Nf3 Nc6 3. d4 cxd4 4. Nxd4 Nf6 5. Nc3 e5 6. Ndb5 d6 7. Bg5 a6 8. Na3 b5 9. Nd5 Be7 10. f3 0-0 11. Qd2 Nxd5 12. Qxd5 Bxg5 13. Qxc6 Be6 14. Rd1 Qa5+ 15. c3 Be7 16. Bd3 Rac8 0-1

[Event "Angers op 1st"]
[Site "Angers"]
[Date "2006.05.08"]
[Round "5"]
[White "Loiret, Stanislas"]
[Black "Pierson, Emmanuel"]
[Result "1-0"]
[WhiteElo "2231"]
[BlackElo "1905"]
[PlyCount "63"]
[EventDate "2006.05.06"]
[EventType "swiss"]
[EventRounds "6"]
[EventCountry "FRA"]
[SourceTitle "CBM 112 Extra"]
[Source "ChessBase"]
[SourceDate "2006.07.14"]
[SourceVersion "1"]
[SourceVersionDate "2006.07.14"]
[SourceQuality "1"]

1. Nf3 Nf6 2. c4 e6 3. d4 d5 4. Nc3 c6 5. e3 Be7 6. Qc2 Nbd7 7. Bd3 Qc7 8. 0-0 dxc4 9. Bxc4 0-0 10. a3 c5 11. Nb5 Qb6 12. dxc5 Qxc5 13. b4 Qh5 14. Bb2 b6 15. Be2 Ba6 16. Nfd4 Qg5 17. f4 Qh6 18. Nc6 Nd5 19. Nxe7+ Nxe7 20. Rf3 Rac8 21. Qa4 Nb8 22. Rh3 Qg6 23. Rg3 Qc2 24. Rxg7+ Kh8 25. Qxc2 Rxc2 26. Rxf7+ Rxb2 27. Rxf8+ Kg7 28. Rxb8 Rxe2 29. Nxa7 Nf5 30. b5 Nxe3 31. bxa6 Rxg2+ 32. Kh1 1-0

[Event "Bois Colombes op 2nd"]
[Site "Bois Colombes"]
[Date "2005.12.23"]
[Round "3"]
[White "Pierson, Emmanuel"]
[Black "Taramelli, Marc"]
[Result "1/2-1/2"]
[WhiteElo "1905"]
[BlackElo "1840"]
[PlyCount "44"]
[EventDate "2005.12.21"]
[EventType "swiss"]
[EventRounds "6"]
[EventCountry "FRA"]
[SourceTitle "EXT 2007"]
[Source "ChessBase"]
[SourceDate "2006.11.23"]
[SourceVersion "1"]
[SourceVersionDate "2006.11.23"]
[SourceQuality "1"]

1. d4 d5 2. c4 e6 3. Nc3 Nf6 4. Bg5 Be7 5. e3 b6 6. Nf3 Bb7 7. cxd5 Nxd5 8. Bxe7 Qxe7 9. Bb5+ c6 10. Nxd5 exd5 11. Bd3 Nd7 12. 0-0 0-0 13. Qc2 h6 14. Bf5 Rfd8 15. Rac1 c5 16. Bxd7 Rxd7 17. dxc5 Rc7 18. b4 bxc5 19. bxc5 Rac8 20. Qb2 Rxc5 21. Rxc5 Rxc5 22. Rc1 Rxc1+ 1/2-1/2